Statistics for 江西省地图 Jiangxi Map Quiz

Click here to take the quiz!

General Stats

  • This quiz has been taken 1 526 times
  • The average score is 9 of 11

Answers on the Map

Answers color-coded by a green-red scale on the quiz's map according to % correct below.
 

Answer Stats

区划% Correct
南昌市
99%
赣州市
94%
九江市
90%
景德镇市
89%
上饶市
78%
鹰潭市
76%
萍乡市
74%
吉安市
72%
抚州市
71%
宜春市
68%
新余市
65%

Score Distribution

Percentile by Number Answered

Percent of People with Each Score

Your Score History

You have not taken this quiz